[Collection of auction catalogues] (Record no. 114503)
[ view plain ]
| 000 -LEADER | |
|---|---|
| fixed length control field | 01153cam a22002175a 4500 |
| 001 - CONTROL NUMBER | |
| control field | L156940 |
| 008 - FIXED-LENGTH DATA ELEMENTS--GENERAL INFORMATION | |
| fixed length control field | 120731m18071830xxk f 000 0 eng d |
| 035 ## - SYSTEM CONTROL NUMBER | |
| System control number | (Sirsi) u156940 |
| 041 0# - LANGUAGE CODE | |
| Language code of text/sound track or separate title | eng |
| 245 01 - TITLE STATEMENT | |
| Title | [Collection of auction catalogues] |
| 260 ## - PUBLICATION, DISTRIBUTION, ETC. | |
| Place of publication, distribution, etc. | [S.l.] |
| Name of publisher, distributor, etc. | [s.n.] |
| Date of publication, distribution, etc. | 1807-1830 |
| 300 ## - PHYSICAL DESCRIPTION | |
| Extent | 1 v. |
| Dimensions | 22 cm. |
| 520 ## - SUMMARY, ETC. | |
| Summary, etc. | A collection of auction catalogues, mostly relating to auctions conducted by Mr Gomme, with others conducted by Mr Williams, Mr Phillips, Mr Rainy, Prickett & Sons, Farebrother, and Wilson & Lye. Most of the auctions take place in and around Hammersmith. Many of the catalogues have been annotated with details of prices obtained by lots, as well as other notes. There is an ink stamp on the inside of the front board, reading "Gomme, Auctioneer, Hammersmith". |
| 520 ## - SUMMARY, ETC. | |
| Summary, etc. | Two of the catalogues are loose, the others have been bound together. |
| 520 ## - SUMMARY, ETC. | |
| Summary, etc. | The book was presented by G. Cole of Oxford on 25 April 1966. |
| 583 ## - ACTION NOTE | |
| Action | Condition reviewed |
| Time/date of action | 20120620 |
| Status | condition level 4 |
| 583 ## - ACTION NOTE | |
| Action | Sent for conservation |
| Time/date of action | 20130129 |
| Action agent | Elizabeth Neville |
| 651 #4 - SUBJECT ADDED ENTRY--GEOGRAPHIC NAME | |
| Geographic name | London |
| 690 ## - LOCAL SUBJECT ADDED ENTRY--TOPICAL TERM (OCLC, RLIN) | |
| Topical term or geographic name as entry element | Auctioneering |
| 9 (RLIN) | 6218 |
| 942 ## - ADDED ENTRY ELEMENTS (KOHA) | |
| Suppress in OPAC | 0 |
| Withdrawn status | Lost status | Source of classification or shelving scheme | Damaged status | Not for loan | Home library | Current library | Shelving location | Date acquired | Total Checkouts | Full call number | Barcode | Date last seen | Copy number | Price effective from | Koha item type |
|---|---|---|---|---|---|---|---|---|---|---|---|---|---|---|---|
| Dewey Decimal Classification | Historic collection | Historic collection | Historic collection | 31/07/2012 | OCTAVO 1807 COLLECTION | 30077098 | 06/08/2019 | 1 | 06/08/2019 | Book |